Zavést nebo nezavést kapitálovou účast zaměstnanců?

Efekty kapitálovej účasti pracovníkov sledované zamestnávateľom. Efekty kapitálovej účasti pre zamestnancov. Spoluúčasť zamestnancov vo firme Wiklhahn.

Saved in:
Bibliographic Details
Main Author: Dvořáková, Zuzana
Format: Book Chapter
Language:Czech
Subjects:
Tags: Add Tag
No Tags, Be the first to tag this record!

MARC

LEADER 00000naa a2200000 4500
001 r000569
005 20221205080303.4
041 0 |a cze 
044 |a CZ 
245 1 0 |a Zavést nebo nezavést kapitálovou účast zaměstnanců?  |c Zuzana Dvořáková 
520 |a Efekty kapitálovej účasti pracovníkov sledované zamestnávateľom. Efekty kapitálovej účasti pre zamestnancov. Spoluúčasť zamestnancov vo firme Wiklhahn. 
610 2 0 |a účasť na zisku 
610 2 0 |a účasť na riadení 
610 2 0 |a kapitál účastinný 
610 2 0 |a akcie 
610 2 0 |a zamestnávatelia 
610 2 0 |a zamestnanci 
610 2 0 |a financie podnikové 
100 1 |a Dvořáková, Zuzana